Регионална библиотека "Любен Каравелов" - Русе

Les MINORITES dans la Republique Tchecoslovaque (Запис номер 344722)

MARC детайли
000 -Лидер
Контролно поле с фиксирана дължина 00890nam a2200241 c 4500
003 - Код на организацията, давaща контролен номер
Контролно поле BLK
005 - Дата и час на последна редакция
Контролно поле 20190913121316.0
008 - Елементи от данни с фиксирана дължина
fixed length control field 180911b bul|||||r ||||||| ||bul||
010 ## - Наследен системен номер
LC control number 004388
040 ## - Източник на каталожния запис
Идентификатор на билиотеката - собственик на записа BLK
041 ## - Код за език
Код за езика на текст/звукозапис или на отделно заглавие Френски
080 ## - УДК
УДК - код + определител 943.7
100 1# - Редна дума - Автор
Автор
Авторска отговорност първи автор
245 10 - Сведения за заглавието
Заглавие Les MINORITES dans la Republique Tchecoslovaque
246 ## - Различни форми на заглавието
Паралелно заглавие Notes concernant le memoire presente a la Ligue des Nations par les deputes et senateurs Allemands de Tchecoslovaque
Подзаглавни данни MINORITES dans la Republique Tchecoslovaque
260 ## - Област на издателските данни
Място на издаване, разпространение и проч. s.l.
Име на издателя, разпространителя и проч. Bureau d'inf. polit. et econom. du ministre des affaires etrangeres
Година на издаване 1921
300 ## - Физическа характеристика
Страници 72 с
Размери/Мащаб 24 см
380 ## - Жанр
Жанр История
490 ## - СЕРИИ (Колекции)
Име на серия Частна колекция - Академик Михаил Арнаудов
Бележки за серията Дарение - Основен фонд
655 ## - Ключова дума – жанр/разновидност
Данни за жанр/разновидност или ключова дума за фокус История
852 ## - Местоположение
Форматна сигнатура МА 1295
942 ## - АРТИКУЛИ
Вид на библиотечния материал Книги
Скрит в OPAC Не
944 ## - СЪЗДАВАНЕ И РЕДАКЦИЯ на ЗАПИСА
Създаване/Редакция Създаване
Дата на регистрацията/редакция 1996
Служител, извършил регистрацията/редакцията ValK
999 ## - СИСТЕМНИ КОНТРОЛНИ НОМЕРА
Koha biblionumber 344722
Koha biblioitemnumber 344722
Наличности
Код за отписване Код за изгубен артикул Източник на класификационната схема Код за повреда Коз за рестрикции Код за отдаване Артикулен № Име на библиотеката - собственик Име на библиотеката, в която се намира в момента Статус (Текущо местоположение) Местоположение - отдел Цена в лева Номерация (Хронология) Инвентарен номер Систематично азбучна сигнатура Баркод Номер на екземпляра Цена в евро Служебен тип на артикула
  Не е изгубен Universal Decimal Classification Не е повреден без рестрикции ползва се в читалня 745186 Регионална библиотека "Любен Каравелов" Русе Регионална библиотека "Любен Каравелов" Русе Фонд "Михаил Арнаудов" Фонд "Михаил Арнаудов" 10.00   588036 МА 1295 120000588036 1 5.11 Книги
Vip Innovations Ltd, Rousse, Bulgaria 2025